Celebrity Spelling Choices Quiz Stats

 Plays Quiz Updated Oct 16, 2017

Challenge
Share
Tweet
Embed
Score 0/15 Timer 05:00
2 Plays Today
Question Answer Wrong Answers
... Tom Hanks
93.2%
Thom Hanx
0.4%
Tawm Hancks
0.4%
Tomm Hanxkxs
0.3%
... Courteney Cox
76.9%
Courtenay Cox
8.3%
Cortenay Cox
1.2%
Corteney Cox
6.8%
... Will Ferrell
76.1%
Will Farrell
11.1%
Will Farell
2.3%
Will Ferell
6.5%
... Zooey Deschanel
73.8%
Zoey Deshenel
3%
Zoey Deschenel
13.7%
Zooey Daschanel
5%
... Nicki Minaj
71.1%
Niki Minaj
14.1%
Nicky Manaj
2.3%
Nicki Manaj
5.6%
... Hayden Panettiere
66.2%
Hayden Panattere
3.5%
Hayden Pannetteire
14.1%
Hayden Pannattiere
10.6%
... Arnold Schwarzenegger
62.7%
Arnold Schwarzeneggar
17.4%
Arnold Schwarzanegger
8.5%
Arnold Schwartzaneggar
4.8%
... Matthew McConaughey
60.9%
Matthew McConaughay
13.5%
Matthew McConaughy
10.9%
Matthew McConaghey
9.7%
... Scarlett Johansson
53.6%
Scarlet Johansson
15.2%
Scarlett Johannson
21.1%
Scarlet Johannson
8.5%
... Willem Dafoe
53.5%
Willam Dafoe
11.5%
Willem Defoe
21.6%
Willam Defoe
11.1%
... Macaulay Culkin
47.2%
Macauley Culkin
23.4%
McCauley Culkin
12.8%
McCaulay Culkin
12.9%
... Alanis Morissette
44.5%
Alanis Morrissette
16.8%
Alanis Morrisette
34.1%
Alanis Morissete
2.9%
... Annette Bening
39.7%
Anette Bening
6.5%
Annette Benning
39%
Anette Benning
11.7%
... Zach Galifianakis
34%
Zach Galafinakis
29.1%
Zach Galafaniakis
14.2%
Zach Galifanaikis
16.3%
... Shia LaBeouf
32.4%
Shia LaBoeuf
21.9%
Shia LeBeouf
22.9%
Shia LeBoeuf
17%

You're not logged in!

Compare scores with friends on all Sporcle quizzes.
Join for Free
OR
Log In

You Might Also Like...

Show Comments

Extras

Top Quizzes Today


Score Distribution

Your Account Isn't Verified!

In order to create a playlist on Sporcle, you need to verify the email address you used during registration. Go to your Sporcle Settings to finish the process.

Report this User

Report this user for behavior that violates our Community Guidelines.

Details: